01520cam a22003375a 4500001001000000003000400010005001700014008004100031020001800072040005000090082002300140245008200163246004100245250001200286260004600298300002600344490003300370500006500403500002600468504004100494650003400535650003200569651001000601653003400611700003600645942000800681999001700689952015900706952015900865952015801024016815698OSt20161025133703.0140731s2014 enk frb 001 0 eng d a9780198709558 aStDuBDSbengcStDuBDSdUkdEG-ScBUEdEG-ScBUE04222a341.48026bBLA00aBlackstone's international human rights documents /cedited by Alison Bisset.30aInternational human rights documents a9th ed. aOxford :bOxford University Press,c2014. axiv, 486 p. ;c25 cm.0 aBlackstone's statutes series aPrevious edition: published as edited by Sandy Ghandi, 2012. aIndex : p. [485]-486. aIncludes bibliographical references. 7aHuman rightsvSources.2BUEsh 7aCivil rights.2BUEsh911014 2BUEsh bLLAAWWcJuly2016cOctober20161 aBisset, Alison,eeditor.940442 2ddc c22027d21999 00102ddc40708BaccahaMAINbMAINc1STd2016-07-25ePurchaseg238.00h26080l3m1o341.48026 BLAp000032982r2025-10-25 00:00:00s2019-12-03v297.50yBB 00102ddc40708BaccahaMAINbMAINc1STd2016-07-25ePurchaseg238.00h26080l4m4o341.48026 BLAp000032983r2025-07-15 00:00:00s2025-02-11v297.50yBB 00102ddc40708BaccahaMAINbMAINc1STd2016-10-25ePurchaseg238.00h3634l1m5o341.48026 BLAp000034548r2025-07-15 00:00:00s2018-10-22v297.50yBB